00280nam a2200121Ia 45000030006000000080041000060400015000471000017000622450030000792600020001095460012001290050017001410STCL150530s9999 xx 000 0 und d aSTCLcSTCL aThomas Hardy aUnder the green wood tree bMacmillanc1965 aEnglish20220125171020.0